Soprannomi delle città straniere - Statistics

Statistiche generali
  • Questo quiz è stato fatto 99 volte
  • Il punteggio medio è 46 su 80
Statistiche sulle risposte
Epiteto Paese Città % Corretto
La Washington d'Europa Belgio Bruxelles
89%
L'imperiale Austria Vienna
89%
La città meravigliosa Brasile Rio de Janeiro
87%
La città portuale Australia Sydney
85%
La Parigi del Nilo Egitto Il Cairo
84%
La città delle 100 torri Cechia Praga
84%
La Parigi del Sud del mondo Argentina Buenos Aires
82%
La culla della democrazia Grecia Atene
81%
La Venezia del nord Paesi Bassi Amsterdam
80%
La città santa Israele Gerusalemme
80%
La città della luce (La ville lumière) Francia Parigi
80%
La città dei mille colori Portogallo Lisbona
77%
La perla del Danubio Ungheria Budapest
76%
La città delle mille e una porte colorate Irlanda Dublino
76%
La città bianca del nord Finlandia Helsinki
76%
Il grande fumo (The big smoke) Regno Unito Londra
76%
La terza Roma Russia Mosca
76%
La Roma del Nord Ucraina Kiev
75%
La Parigi del Baltico Lettonia Riga
75%
La città dei papi Francia Avignone
73%
La grande mela Stati Uniti New York
73%
La città della tigre Norvegia Oslo
73%
La piccola Vienna Croazia Zagabria
73%
La piccola Parigi dei Balcani Romania Bucarest
72%
La città proibita Arabia Saudita La Mecca
72%
La città della fenice Polonia Varsavia
72%
La città di Gaudì Spagna Barcellona
71%
La città regina Canada Toronto
71%
La perla d'Oriente Cina Shanghai
70%
L'imbattuto Portogallo Porto
68%
La città dei Re Perù Lima
67%
La locomotiva del Brasile Brasile Sao Paulo
67%
La perla del Mediterraneo Egitto Alessandria
66%
Il Foro Spagna Madrid
66%
La città del leone Singapore Singapore
66%
La Berlino dei Balcani Serbia Belgrado
63%
La città degli orsi Germania Berlino
63%
La città delle 72 nazioni Iran Teheran
63%
La Venezia d'Oriente Thailandia Bangkok
62%
La città dei desideri del mondo Turchia Istanbul
62%
La città degli angeli Stati Uniti Los Angeles
61%
La Parigi dell'emisfero meridionale Australia Melbourne
61%
La città senza sosta Israele Tel Aviv
61%
Mainhattan Germania Francoforte sul Meno
59%
La capitale della pace Svizzera Ginevra
59%
La città del peccato (The sin city) Stati Uniti Las Vegas
59%
La capitale dei Galli Francia Lione
59%
La Parigi del Medio Oriente Libano Beirut
58%
La capitale mondiale del vino Francia Bordeaux
58%
La perla dell'Adriatico Croazia Dubrovnik
58%
La città della pace e della giustizia Paesi Bassi L'Aia
57%
La città dei sogni India Mumbai
56%
La Roma germanica Austria Salisburgo
54%
L'Amsterdam del Nord America Canada Montreal
52%
La città rosa Giordania Petra
52%
Il triangolo d'oro Malesia Kuala Lumpur
51%
La città dal cuore grande Germania Monaco di Baviera
49%
La città della gioia India Kolkata
48%
La città focosa Francia Marsiglia
48%
La capitale della lussuria Germania Amburgo
46%
La città dei motori (Motor city) Stati Uniti Detroit
42%
La bella Francia Nizza
41%
La città rosa Francia Tolosa
38%
L'Atene del Nord Regno Unito Edimburgo
34%
La città del vento Stati Uniti Chicago
30%
La città alla fine del mondo Argentina Ushuaia
30%
La città dei mille mestieri Regno Unito Birmingham
28%
L'Atene dell'Africa Marocco Fez
28%
La Venezia d'Occidente Francia Nantes
25%
La città delle guglie sognanti Regno Unito Oxford
24%
La città dell'amore fraterno Stati Uniti Philadelphia
24%
La perla del Pacifico Cile Valparaiso
24%
La piccola Berlino Germania Lipsia
23%
La regina dei giochi Cina Macao
19%
La città dei fagioli Stati Uniti Boston
18%
La città di smeraldo Stati Uniti Seattle
18%
La città della nebbia Stati Uniti San Francisco
15%
La capitale mondiale della musica dal vivo Stati Uniti Austin
10%
The big easy Stati Uniti New Orleans
9%
La città dell'acciaio Stati Uniti Pittsburgh
9%
Nessun quiz corrispondente trovato
Distribuzione punteggi
Percentuale di utenti per punteggio
Percentile per numero di risposta
I tuoi punteggi nel tempo
Non hai fatto questo quiz